|
|
|
|
| LEADER |
00942nab a2200193 i 4500 |
| 001 |
misc11282 |
| 005 |
20191106142007.0 |
| 008 |
170607s1940 hu o 0|| hun d |
| 022 |
|
|
|a 0025-0260
|
| 040 |
|
|
|a SZTE Miscellanea Repozitórium
|b hun
|
| 041 |
|
|
|a hun
|
| 100 |
1 |
|
|a Tóth Zoltán
|
| 245 |
1 |
0 |
|a Ranschburg Pál dr.
|h [elektronikus dokumentum] :
|b Az emberi tévedések törvényszerűségei. A magasabb szellemi működések helyes vagy téves voltát megszabó törvényekről, ép, fogyatékos és beteg állapotokban. Budapest, 1939. Novák Rudolf kiadása, 198 l. : [könyvismertetés] /
|c Tóth Zoltán
|
| 260 |
|
|
|c 1940
|
| 300 |
|
|
|a 59-60
|
| 490 |
0 |
|
|a Magyar pedagógia : a Magyar Tudományos Akadémia Pedagógiai Bizottságának folyóirata
|v 49
|
| 695 |
|
|
|a Tévedés pszichológia könyvismertetés, Tévedések
|
| 700 |
0 |
1 |
|a Ranschburg Pál
|
| 856 |
4 |
0 |
|u http://misc.bibl.u-szeged.hu/11282/1/mp_1940_3881_059-060.pdf
|z Dokumentum-elérés
|